Vymáhání nedobytných pohledávek a předcházení jejich vzniku

Pri uzatváraní obchodných zmlúv vznikajú mnohé chyby, ktorých je treba sa vyvarovať aby sa predišlo vzniku nedobytných pohľadávok. Niekoľko postupov pri vymáhaní pohľadávok. Kategórie dlžníkov. Možnosti obrany. Krajina dlžníka. Príslušnosť práva a súdu. Súdny spor a dôkazy. Identifikácia partnera. P...

Descripción completa

Guardado en:
Detalles Bibliográficos
Autor principal: Lajsek, Jan
Formato: Capítulo de libro
Lenguaje:checo
Materias:
Etiquetas: Agregar Etiqueta
Sin Etiquetas, Sea el primero en etiquetar este registro!

MARC

LEADER 00000naa a2200000 4500
001 r041753
005 20230908092108.2
041 0 |a cze 
044 |a CZ 
245 1 0 |a Vymáhání nedobytných pohledávek a předcházení jejich vzniku  |c Jan Lajsek 
520 |a Pri uzatváraní obchodných zmlúv vznikajú mnohé chyby, ktorých je treba sa vyvarovať aby sa predišlo vzniku nedobytných pohľadávok. Niekoľko postupov pri vymáhaní pohľadávok. Kategórie dlžníkov. Možnosti obrany. Krajina dlžníka. Príslušnosť práva a súdu. Súdny spor a dôkazy. Identifikácia partnera. Poistenie pohľadávok. 
610 2 0 |a zmluvy obchodné 
610 2 0 |a pohľadávky 
610 2 0 |a dlžníci 
610 2 0 |a vymáhanie pohľadávok 
610 2 0 |a spory súdne 
610 2 0 |a tovar 
610 2 0 |a platby obchodné 
610 2 0 |a bonita 
610 2 0 |a odberatelia 
100 1 |a Lajsek, Jan